000 00681nam a2200193Ia 4500
003 GCL
008 140319s9999 xx 000 0 ara d
040 _aGCL /
_cGCL
082 0 4 _a808
_bع ت
100 1 _aعدنان حسين قاسم
245 1 0 _aالتصوير الشعرى :
_bرؤية نقدية لبلاغتنا العربية /
_cعدنان حسين قاسم
260 _aالقاهرة :
_bالدار العربية للتوزيع والنشر ،
_c2000
300 _a279 ص ؛
_c24 سم
490 _a
650 0 4 _aالشعر العربى
650 0 4 _aالبلاغة العربية
650 0 4 _aالشعر العربى - تاريخ ونقد
942 _2ddc
_cBK
999 _c55723
_d55723